Dharavi : (Record no. 76499)

MARC details
000 -LEADER
fixed length control field 00731nam a22002057a 4500
005 - DATE AND TIME OF LATEST TRANSACTION
control field 20130620114717.0
010 ## - LCCN (DPL NO)
LC control number ENG-107519
020 ## - INTERNATIONAL STANDARD BOOK NUMBER
International Standard Book Number 9780415812528
Terms of availability 995.00
035 ## - SYSTEM CONTROL NUMBER
System control number EN-91052
037 ## - SOURCE OF ACQUISITION
Source of stock number/acquisition DBAD/PUB
100 ## - MAIN ENTRY--PERSONAL NAME
Personal name Saglio-Yatzimirsky, Marie-Caroline
245 ## - TITLE STATEMENT
Title Dharavi :
Statement of responsibility, etc by Marie-Caroline Saglio-Yatzimirsky
Remainder of title from mega-slum to urban paradigm /
260 ## - PUBLICATION, DISTRIBUTION, ETC. (IMPRINT)
Place of publication, distribution, etc New Delhi
Name of publisher, distributor, etc Routledge
Date of publication, distribution, etc 2013
270 ## - ADDRESS
Address 912, Tolstoy House, 15-17 Tolstoy Marg, Connaught Place
City New Delhi
Postal code 110001
300 ## - PHYSICAL DESCRIPTION
Extent xviii,379p. :
Dimensions 23cm(Hb)
Other physical details col. photos
490 ## - SERIES STATEMENT
Series statement Cities and the urban imperative ; edited by Sujata Patel
500 ## - GENERAL NOTE
General note Includes bibliographical references and index
700 ## - ADDED ENTRY--PERSONAL NAME
Personal name Patel, Sujata
942 ## - ADDED ENTRY ELEMENTS (KOHA)
Source of classification or shelving scheme Dewey Decimal Classification
Item type English Books
Call number suffix SAG
Holdings
Withdrawn status Lost status Not for loan Collection code Home library Current library Date acquired Source of acquisition Cost, normal purchase price Full call number Barcode Copy number Cost, replacement price Koha item type
    Not For Loan Non-fiction D.B.Act.Division D.B.Act.Division 07/06/2013 DBAD/PUB 995.00 SAG EN-91052 1 995.00 English Books

© Delhi Public Library
Hit Counter
free hit counter